[Event "Tata Steel-B 86th"]
[Site "Wijk aan Zee"]
[Date "2024.01.28"]
[Round "13"]
[White "Dardha, Daniel"]
[Black "Vrolijk, Liam"]
[Result "1-0"]
[WhiteElo "2602"]
[BlackElo "2573"]
[PlyCount "43"]
[EventDate "2024.01.13"]
[EventType "tourn"]
[EventRounds "13"]
[EventCountry "NED"]
[EventCategory "13"]
[SourceTitle "CB05_2024"]
[SourceDate "2024.01.31"]
[SourceVersion "1"]
[SourceVersionDate "2024.01.31"]
[SourceQuality "1"]

1. d4 Nf6 2. Bf4 d5 3. e3 c5 4. dxc5 e6 5. b4 a5 6. c3 axb4 7. cxb4 b6 8. Bxb8 Rxb8 9. Bb5+ Ke7 10. c6 Qd6 11. a3 Ne8 12. Nc3 Nc7 13. Nge2 g6 14. 0-0 Bg7 15. Rc1 Rd8 16. Bd3 b5 17. Nd4 Bxd4 18. exd4 Ba6 19. Qg4 Kf8 20. Ne2 Rb6 21. Qg5 Ne8 22. Rc5 1-0

[Event "Tata Steel-B 86th"]
[Site "Wijk aan Zee"]
[Date "2024.01.26"]
[Round "11"]
[White "Maurizzi, Marc Andria"]
[Black "Vrolijk, Liam"]
[Result "1-0"]
[WhiteElo "2572"]
[BlackElo "2573"]
[PlyCount "73"]
[EventDate "2024.01.13"]
[EventType "tourn"]
[EventRounds "13"]
[EventCountry "NED"]
[EventCategory "13"]
[SourceTitle "CB05_2024"]
[SourceDate "2024.01.31"]
[SourceVersion "1"]
[SourceVersionDate "2024.01.31"]
[SourceQuality "1"]

1. e4 e5 2. Nf3 Nc6 3. Bb5 a6 4. Ba4 Nf6 5. 0-0 Be7 6. Re1 b5 7. Bb3 0-0 8. a4 Rb8 9. axb5 axb5 10. Nc3 Nd4 11. Nxd4 exd4 12. Ne2 Nxe4 13. Nxd4 Nc5 14. Bd5 Bf6 15. Nf3 Bb7 16. Bxb7 Rxb7 17. d4 Ne6 18. Ra3 c6 19. Ne5 Re8 20. Rh3 Nf8 21. Rhe3 Bxe5 22. dxe5 f6 23. exf6 Rxe3 24. f7+ Kxf7 25. Bxe3 Kg8 26. Bc5 d5 27. Qe2 Rf7 28. Qe8 Qg5 29. Qxc6 Qd2 30. Qe8 Qxc2 31. Qxb5 h6 32. h3 Kh7 33. Qe8 Rf6 34. b4 Qf5 35. Qe5 Qd3 36. Qd4 Qf5 37. Rd1 1-0

[Event "Tata Steel-B 86th"]
[Site "Wijk aan Zee"]
[Date "2024.01.21"]
[Round "8"]
[White "Vrolijk, Liam"]
[Black "Beukema, Stefan"]
[Result "1/2-1/2"]
[WhiteElo "2573"]
[BlackElo "2428"]
[PlyCount "104"]
[EventDate "2024.01.13"]
[EventType "tourn"]
[EventRounds "13"]
[EventCountry "NED"]
[EventCategory "13"]
[SourceTitle "CB05_2024"]
[SourceDate "2024.01.31"]
[SourceVersion "1"]
[SourceVersionDate "2024.01.31"]
[SourceQuality "1"]

1. Nf3 d5 2. g3 Nf6 3. Bg2 c6 4. 0-0 Nbd7 5. d4 e6 6. b3 Bd6 7. c4 Qe7 8. Nc3 0-0 9. Qc2 dxc4 10. bxc4 e5 11. e3 Re8 12. Bb2 Ba3 13. Rfe1 Qb4 14. Bxa3 Qxa3 15. Qb3 Qa5 16. a4 Rb8 17. Qa3 h6 18. Nd2 exd4 19. exd4 Rxe1+ 20. Rxe1 b5 21. Qa1 b4 22. Nce4 b3 23. Qb2 Nxe4 24. Bxe4 Nb6 25. Re3 Be6 26. Rxb3 Bxc4 27. Nxc4 Qe1+ 28. Kg2 Qxe4+ 29. f3 Qe1 30. Qf2 Qd1 31. Rb2 Qxa4 32. Ne5 Re8 33. Ra2 Qd1 34. Qd2 Qxd2+ 35. Rxd2 c5 36. dxc5 Rxe5 37. cxb6 axb6 38. Rd8+ Kh7 39. g4 Kg6 40. Rb8 Rb5 41. Rb7 Kf6 42. h4 g6 43. Kg3 Rb1 44. Kg2 b5 45. Kg3 b4 46. Kf4 b3 47. g5+ hxg5+ 48. hxg5+ Ke6 49. Ra7 Kd5 50. Rxf7 Re1 51. Rb7 Kc4 52. Rc7+ Kd4 1/2-1/2

[Event "Tata Steel-B 86th"]
[Site "Wijk aan Zee"]
[Date "2024.01.19"]
[Round "6"]
[White "Vrolijk, Liam"]
[Black "Mendonca, Leon Luke"]
[Result "1-0"]
[WhiteElo "2573"]
[BlackElo "2608"]
[PlyCount "151"]
[EventDate "2024.01.13"]
[EventType "tourn"]
[EventRounds "13"]
[EventCountry "NED"]
[EventCategory "13"]
[SourceTitle "CB05_2024"]
[SourceDate "2024.01.31"]
[SourceVersion "1"]
[SourceVersionDate "2024.01.31"]
[SourceQuality "1"]

1. Nf3 Nf6 2. g3 b6 3. Bg2 Bb7 4. c4 g6 5. d4 Bg7 6. 0-0 0-0 7. Qc2 c5 8. d5 b5 9. e4 bxc4 10. Nbd2 d6 11. Re1 Nbd7 12. Nxc4 Ba6 13. Ne3 Rc8 14. Bd2 c4 15. Bc3 Nc5 16. Nd4 Re8 17. Nc6 Qb6 18. Bd4 e5 19. Bxc5 Qxc5 20. b4 cxb3 21. Qxc5 dxc5 22. axb3 Bb5 23. Bh3 Rc7 24. Nxa7 Rb7 25. Nc4 Bxc4 26. bxc4 Nxe4 27. Bc8 Rxa7 28. Rxa7 Nd6 29. Ba6 e4 30. Rc7 Bd4 31. Rc6 Rd8 32. Rb1 Kf8 33. Rbb6 Ke7 34. Rc7+ Rd7 35. Rxd7+ Kxd7 36. Kf1 h5 37. Ke2 Ke7 38. Bb5 Be5 39. Rc6 Bd4 40. h3 Ne8 41. g4 hxg4 42. hxg4 g5 43. Ba4 Nd6 44. Bb3 Kd7 45. Ra6 Ke7 46. f3 exf3+ 47. Kxf3 Bg1 48. Ke2 Bd4 49. Kd3 Bf2 50. Bd1 Bd4 51. Be2 Bf2 52. Kc2 Bd4 53. Bd3 Bf2 54. Rc6 Bd4 55. Kb3 Kd7 56. Ka4 Be3 57. Ka5 Bd4 58. Ra6 Be3 59. Ra7+ Kd8 60. Ka6 Bf4 61. Ra8+ Kc7 62. Rh8 Be3 63. Rh7 Bf4 64. Bg6 Nxc4 65. Kb5 Ne5 66. Bxf7 c4 67. Bg8+ Kd6 68. Rh6+ Kd7 69. Bh7 c3 70. Bf5+ Kd8 71. Rh7 c2 72. d6 Ke8 73. Bxc2 Nxg4 74. Bg6+ Kf8 75. Rf7+ Kg8 76. Rxf4 1-0

[Event "Tata Steel-B 86th"]
[Site "Wijk aan Zee"]
[Date "2024.01.15"]
[Round "3"]
[White "Yilmaz, Mustafa"]
[Black "Vrolijk, Liam"]
[Result "0-1"]
[WhiteElo "2665"]
[BlackElo "2573"]
[PlyCount "108"]
[EventDate "2024.01.13"]
[EventType "tourn"]
[EventRounds "13"]
[EventCountry "NED"]
[EventCategory "13"]
[SourceTitle "CB05_2024"]
[SourceDate "2024.01.31"]
[SourceVersion "1"]
[SourceVersionDate "2024.01.31"]
[SourceQuality "1"]

1. d4 Nf6 2. c4 e6 3. Nf3 d5 4. Nc3 Be7 5. Bf4 0-0 6. e3 c5 7. dxc5 Bxc5 8. Qc2 Nc6 9. a3 Qa5 10. Rd1 h6 11. Be2 Ne4 12. cxd5 exd5 13. 0-0 Nxc3 14. bxc3 Rd8 15. Nd4 Bd6 16. Bxd6 Rxd6 17. Qb2 Qc5 18. Nb3 Qb6 19. c4 Qd8 20. Qd2 Be6 21. Nc5 Qe7 22. Nxe6 fxe6 23. cxd5 exd5 24. Bc4 Rad8 25. Ba2 Kh8 26. Bb1 d4 27. Qd3 g6 28. e4 Ne5 29. Qd2 g5 30. Ba2 d3 31. Bd5 Ra6 32. Rb1 Rd7 33. f4 gxf4 34. Qxf4 Kg7 35. Qf2 Ng4 36. Qg3 Qc5+ 37. Kh1 Rg6 38. Qb8 Kh7 39. Qf4 Rdg7 40. Rbc1 Qd4 41. Qd2 Rf6 42. Rxf6 Qxf6 43. Rb1 Qd4 44. Rf1 Qe3 45. Qd1 Nf2+ 46. Rxf2 Qxf2 47. e5 Qd4 48. Ba2 Rc7 49. Bb1 Kg7 50. Qf1 Rf7 51. Qd1 d2 52. Bc2 Rc7 53. Qf3 Qa1+ 54. Bd1 Qxd1+ 0-1

[Event "Tata Steel-B 86th"]
[Site "Wijk aan Zee"]
[Date "2024.01.14"]
[Round "2"]
[White "Vrolijk, Liam"]
[Black "L'Ami, Erwin"]
[Result "1/2-1/2"]
[WhiteElo "2573"]
[BlackElo "2627"]
[PlyCount "105"]
[EventDate "2024.01.13"]
[EventType "tourn"]
[EventRounds "13"]
[EventCountry "NED"]
[EventCategory "13"]
[SourceTitle "CB05_2024"]
[SourceDate "2024.01.31"]
[SourceVersion "1"]
[SourceVersionDate "2024.01.31"]
[SourceQuality "1"]

1. d4 d5 2. c4 e6 3. Nf3 Nf6 4. g3 Bb4+ 5. Bd2 Be7 6. Bg2 Nbd7 7. Qc2 c6 8. Bf4 0-0 9. 0-0 b6 10. Rd1 Bb7 11. Ne5 Rc8 12. Nc3 Nh5 13. Bd2 Qc7 14. Nxd7 Qxd7 15. Qa4 Nf6 16. Bg5 dxc4 17. Qxc4 Nd5 18. Bxe7 Qxe7 19. Rac1 Rfd8 20. Qa4 a5 21. Qb3 Qb4 22. Qc2 Ba6 23. a3 Qe7 24. Na4 Qa7 25. e4 Ne7 26. Qb3 Bb5 27. Nc3 Ba6 28. Qa4 h6 29. b4 axb4 30. axb4 Ra8 31. d5 Bc4 32. d6 Ng6 33. Qxc6 Ne5 34. Qc7 Bb3 35. Qxa7 Rxa7 36. Rd4 Rad7 37. f4 Nc6 38. Rd2 e5 39. Nb5 Na7 40. Nxa7 Rxa7 41. Rc6 b5 42. Rc5 Bc4 43. Bh3 Ra1+ 44. Kf2 exf4 45. gxf4 Kf8 46. e5 g6 47. Bg2 Rb1 48. Bd5 Bxd5 49. Rdxd5 Rxb4 50. Ke3 Rb8 51. d7 Rd8 52. Rxb5 Rxb5 53. Rxb5 1/2-1/2

[Event "Wch Blitz"]
[Site "Samarkand"]
[Date "2023.12.30"]
[Round "12"]
[White "Idani, Pouya"]
[Black "Vrolijk, Liam"]
[Result "1/2-1/2"]
[WhiteElo "2602"]
[BlackElo "2566"]
[PlyCount "178"]
[EventDate "2023.12.29"]
[EventType "swiss (blitz)"]
[EventRounds "21"]
[EventCountry "UZB"]
[SourceTitle "CB01_2024"]
[SourceDate "2024.01.03"]
[SourceVersion "1"]
[SourceVersionDate "2024.01.03"]
[SourceQuality "1"]

1. e4 e5 2. Nf3 Nc6 3. Bc4 Nf6 4. d3 Bc5 5. Nc3 a6 6. Be3 d6 7. Bxc5 dxc5 8. Nd5 0-0 9. 0-0 Nxd5 10. Bxd5 Ne7 11. Bb3 Qd6 12. Qe1 Ng6 13. Kh1 b6 14. Qe3 Be6 15. Nd2 a5 16. g3 Bh3 17. Rg1 Be6 18. Qe2 Rad8 19. Raf1 Bxb3 20. axb3 Qd4 21. Nc4 f5 22. exf5 Rxf5 23. Qe4 Rdf8 24. Qxd4 cxd4 25. Kg2 Ne7 26. Nd2 Nd5 27. Ne4 Nb4 28. Rc1 Re8 29. Rge1 Re6 30. Nd2 Na2 31. Ra1 Nb4 32. Rac1 Na2 33. Rcd1 Nb4 34. Re2 Rc6 35. Nc4 Rc5 36. c3 dxc3 37. bxc3 Nd5 38. d4 exd4 39. Rxd4 h6 40. Rd3 Kh7 41. Red2 a4 42. Ne3 Nxe3+ 43. Rxe3 axb3 44. Rb2 Rb5 45. Re4 Rfc5 46. Re3 Rc4 47. Kf3 Ra4 48. Ree2 c5 49. Ke3 c4 50. Kd4 Rf5 51. f4 b5 52. Re6 Ra8 53. Ke4 Rc5 54. Kd4 Rcc8 55. Rb6 Rcb8 56. Rxb8 Rxb8 57. Kc5 Kg6 58. g4 h5 59. h3 hxg4 60. hxg4 Kf6 61. Rd2 Ke7 62. Kb4 Ke6 63. Re2+ Kd6 64. Re1 Ra8 65. Kxb5 Rc8 66. Kb4 Kd5 67. Re5+ Kd6 68. Re1 Kd7 69. f5 Kd6 70. g5 Kd5 71. f6 gxf6 72. gxf6 Rb8+ 73. Ka3 Ra8+ 74. Kb4 Rb8+ 75. Ka3 Rf8 76. Rd1+ Kc5 77. Rf1 Ra8+ 78. Kb2 Kd6 79. f7 Ke7 80. Rf4 Rc8 81. f8Q+ Rxf8 82. Rxc4 Rb8 83. Ra4 Kd6 84. Ra3 Kc5 85. Rxb3 Rxb3+ 86. Kxb3 Kb5 87. c4+ Kc5 88. Kc3 Kc6 89. c5 Kxc5 1/2-1/2

[Event "Wch Blitz"]
[Site "Samarkand"]
[Date "2023.12.30"]
[Round "15"]
[White "Vrolijk, Liam"]
[Black "Begmuratov, Khumoyun"]
[Result "1-0"]
[WhiteElo "2566"]
[BlackElo "2371"]
[PlyCount "73"]
[EventDate "2023.12.29"]
[EventType "swiss (blitz)"]
[EventRounds "21"]
[EventCountry "UZB"]
[SourceTitle "CB01_2024"]
[SourceDate "2024.01.03"]
[SourceVersion "1"]
[SourceVersionDate "2024.01.03"]
[SourceQuality "1"]

1. d4 Nf6 2. Bg5 Ne4 3. Bf4 d5 4. e3 e6 5. Bd3 Nf6 6. Nf3 Bd6 7. Nbd2 c5 8. c3 Nc6 9. Bg3 0-0 10. Qe2 cxd4 11. exd4 Qc7 12. 0-0 a6 13. Ne5 b5 14. Ndf3 Bb7 15. Rae1 Ne7 16. Ng5 Bc8 17. Ng4 Ng6 18. Nxf6+ gxf6 19. Nh3 Kg7 20. Qh5 Bd7 21. Bxd6 Qxd6 22. f4 f5 23. Ng5 h6 24. Nh3 b4 25. g4 fxg4 26. Qxg4 bxc3 27. bxc3 Rac8 28. Rf3 Rg8 29. Kh1 Qa3 30. f5 exf5 31. Bxf5 Bxf5 32. Qxf5 Rgf8 33. Qf6+ Kh7 34. Ng5+ Kg8 35. Ne6 fxe6 36. Qxg6+ Kh8 37. Qxh6+ 1-0

[Event "Wch Blitz"]
[Site "Samarkand"]
[Date "2023.12.30"]
[Round "18"]
[White "Vrolijk, Liam"]
[Black "Tari, Aryan"]
[Result "1-0"]
[WhiteElo "2566"]
[BlackElo "2623"]
[PlyCount "99"]
[EventDate "2023.12.29"]
[EventType "swiss (blitz)"]
[EventRounds "21"]
[EventCountry "UZB"]
[SourceTitle "CB01_2024"]
[SourceDate "2024.01.03"]
[SourceVersion "1"]
[SourceVersionDate "2024.01.03"]
[SourceQuality "1"]

1. Nf3 Nf6 2. c4 c5 3. Nc3 e6 4. e3 d5 5. cxd5 exd5 6. Bb5+ Nc6 7. Ne5 Qc7 8. Qa4 Bd7 9. Nxd7 Qxd7 10. d3 Bd6 11. e4 Be5 12. 0-0 0-0 13. Bg5 Ng4 14. h3 Bxc3 15. bxc3 h6 16. Bf4 Nf6 17. e5 Ne8 18. d4 c4 19. Qd1 Nc7 20. Ba4 f6 21. exf6 Rxf6 22. Be5 Rf7 23. f4 b5 24. Bc2 b4 25. Qh5 bxc3 26. Qg6 Ne7 27. Qh7+ Kf8 28. Qh8+ Ng8 29. Bh7 Ke7 30. Bxg8 Qe8 31. Rfe1 Kd7 32. Bxc7 Qxg8 33. Qxg8 Rxg8 34. Be5 g5 35. fxg5 Rxg5 36. Re3 c2 37. Rc1 Rgf5 38. Rxc2 Rf1+ 39. Kh2 Rb1 40. Ra3 Kc6 41. Ra5 h5 42. Rc5+ Kb6 43. Rxd5 h4 44. Rd6+ Kb5 45. Rh6 Rd1 46. Rxh4 Rd3 47. Rh8 a5 48. Rc8 Ka4 49. R8xc4+ Kb5 50. R4c3 1-0

[Event "Wch Rapid"]
[Site "Samarkand"]
[Date "2023.12.28"]
[Round "10"]
[White "Song, Raymond"]
[Black "Vrolijk, Liam"]
[Result "1/2-1/2"]
[WhiteElo "2503"]
[BlackElo "2566"]
[PlyCount "101"]
[EventDate "2023.12.26"]
[EventType "swiss (rapid)"]
[EventRounds "13"]
[EventCountry "UZB"]
[SourceTitle "CB01_2024"]
[SourceDate "2024.01.03"]
[SourceVersion "1"]
[SourceVersionDate "2024.01.03"]
[SourceQuality "1"]

1. Nf3 d5 2. e3 Nf6 3. c4 e6 4. Nc3 c5 5. cxd5 exd5 6. d4 Nc6 7. Bb5 cxd4 8. exd4 Bd6 9. 0-0 0-0 10. Bg5 Bg4 11. Be2 Re8 12. h3 Bxf3 13. Bxf3 h6 14. Bh4 g5 15. Bg3 Bxg3 16. fxg3 Qd6 17. Qd2 Rad8 18. Qf2 Re7 19. Rad1 a6 20. g4 Kg7 21. Ne2 Re6 22. Ng3 Ne7 23. Rc1 Qf4 24. Rc3 Kg8 25. Rc2 Rdd6 26. Ne2 Qe3 27. Qxe3 Rxe3 28. Rc7 Rb6 29. Kf2 Ree6 30. b3 Ne4+ 31. Bxe4 dxe4 32. Nc3 f5 33. d5 Re5 34. Ke3 Rxd5 35. gxf5 Rxf5 36. Rxf5 Nxf5+ 37. Kxe4 Ng7 38. Nd5 Re6+ 39. Kd4 Re2 40. Nf6+ Kf8 41. Nh7+ Kg8 42. Nf6+ Kf8 43. Rxb7 Rxa2 44. Nh7+ Kg8 45. Nf6+ Kf8 46. g4 Rh2 47. Nh7+ Kg8 48. Nf6+ Kf8 49. Nh7+ Kg8 50. Nf6+ Kf8 51. Ke4 1/2-1/2

[Event "Wch Rapid"]
[Site "Samarkand"]
[Date "2023.12.28"]
[Round "11"]
[White "Vrolijk, Liam"]
[Black "Amangeldy, Ernur"]
[Result "1-0"]
[WhiteElo "2566"]
[BlackElo "2134"]
[PlyCount "63"]
[EventDate "2023.12.26"]
[EventType "swiss (rapid)"]
[EventRounds "13"]
[EventCountry "UZB"]
[SourceTitle "CB01_2024"]
[SourceDate "2024.01.03"]
[SourceVersion "1"]
[SourceVersionDate "2024.01.03"]
[SourceQuality "1"]

1. d4 Nf6 2. Bg5 g6 3. Bxf6 exf6 4. e3 Bg7 5. c4 d5 6. Nc3 dxc4 7. Bxc4 0-0 8. Nf3 f5 9. 0-0 a6 10. b4 Nc6 11. a3 f4 12. h3 h6 13. Qd2 Bf5 14. Rad1 fxe3 15. fxe3 g5 16. Nh4 Be6 17. Bxe6 fxe6 18. Nf3 Ne7 19. Ne4 b6 20. Ng3 Nd5 21. Nh5 Bh8 22. Qd3 Qe8 23. g4 Nf6 24. Ng3 Nd5 25. Rf2 a5 26. Rdf1 Bg7 27. Nh5 Qe7 28. b5 Nf6 29. Nxg7 Qxg7 30. Ne5 Nd5 31. Rf7 Nf4 32. Rxg7+ 1-0

[Event "Bundesliga 2324"]
[Site "Germany"]
[Date "2023.12.03"]
[Round "4.8"]
[White "Vrolijk, Liam"]
[Black "Areshchenko, Alexander"]
[Result "1-0"]
[WhiteElo "2568"]
[BlackElo "2625"]
[PlyCount "53"]
[EventDate "2023.10.21"]
[EventType "team-tourn"]
[EventRounds "15"]
[EventCountry "GER"]
[SourceTitle "CB49_2023"]
[SourceDate "2023.12.06"]
[SourceVersion "1"]
[SourceVersionDate "2023.12.06"]
[SourceQuality "1"]
[WhiteTeam "Muelheim Nord"]
[BlackTeam "Werder Bremen"]
[WhiteTeamCountry "GER"]
[BlackTeamCountry "GER"]

1. d4 Nf6 2. c4 g6 3. Nc3 d5 4. cxd5 Nxd5 5. Bd2 Bg7 6. e4 Nxc3 7. Bxc3 c5 8. d5 0-0 9. Bc4 Bxc3+ 10. bxc3 e6 11. Ne2 exd5 12. Bxd5 Nc6 13. 0-0 Be6 14. Nf4 Bxd5 15. Nxd5 f5 16. Re1 fxe4 17. Rxe4 Rf7 18. Qd3 Qg5 19. f4 Qf5 20. Ne3 Qh5 21. Qc4 Rd8 22. Rf1 Kg7 23. Rf3 Qh4 24. Rh3 Qf6 25. Ng4 Qf5 26. Nh6 Rd1+ 27. Kf2 1-0

[Event "Bundesliga 2324"]
[Site "Germany"]
[Date "2023.12.02"]
[Round "3.8"]
[White "Brkic, Ante"]
[Black "Vrolijk, Liam"]
[Result "1/2-1/2"]
[WhiteElo "2606"]
[BlackElo "2568"]
[PlyCount "81"]
[EventDate "2023.10.21"]
[EventType "team-tourn"]
[EventRounds "15"]
[EventCountry "GER"]
[SourceTitle "CB49_2023"]
[SourceDate "2023.12.06"]
[SourceVersion "1"]
[SourceVersionDate "2023.12.06"]
[SourceQuality "1"]
[WhiteTeam "Kirchweyhe"]
[BlackTeam "Muelheim Nord"]
[WhiteTeamCountry "GER"]
[BlackTeamCountry "GER"]

1. e4 e5 2. Nf3 Nc6 3. Bb5 a6 4. Ba4 Nf6 5. 0-0 b5 6. Bb3 Bc5 7. c3 d6 8. d3 h6 9. Re1 0-0 10. Nbd2 Bb6 11. Nf1 Ne7 12. a4 Rb8 13. a5 Ba7 14. d4 exd4 15. cxd4 c5 16. d5 Ng6 17. h3 Nh5 18. Bc2 Nhf4 19. Ng3 Qf6 20. Nf5 c4 21. Be3 Bxe3 22. fxe3 Nd3 23. Bxd3 cxd3 24. Qxd3 Bxf5 25. exf5 Ne5 26. Nxe5 Qxe5 27. b4 Rfc8 28. Rac1 Qb2 29. Rc6 Rxc6 30. dxc6 Qxb4 31. Rc1 Qb2 32. Rc2 Qb1+ 33. Kh2 Rc8 34. Qd2 b4 35. f6 b3 36. Rb2 Qe4 37. Qxd6 Qxc6 38. Qxc6 Rxc6 39. Rxb3 Rc5 40. Rb8+ Kh7 41. Rb6 1/2-1/2

[Event "EU-chT 24th"]
[Site "Budva"]
[Date "2023.11.20"]
[Round "9.9"]
[White "Vrolijk, Liam"]
[Black "Kacharava, Nikoloz"]
[Result "1/2-1/2"]
[WhiteElo "2569"]
[BlackElo "2519"]
[PlyCount "102"]
[EventDate "2023.11.11"]
[EventType "team-swiss"]
[EventRounds "9"]
[EventCountry "MNE"]
[SourceTitle "CB47_2023"]
[SourceDate "2023.11.22"]
[SourceVersion "1"]
[SourceVersionDate "2023.11.22"]
[SourceQuality "1"]
[WhiteTeam "Netherlands"]
[BlackTeam "Georgia"]
[WhiteTeamCountry "NED"]
[BlackTeamCountry "GEO"]

1. Nf3 d5 2. g3 c6 3. Bg2 Nf6 4. 0-0 Bg4 5. h3 Bh5 6. d4 e6 7. c4 Be7 8. Nc3 0-0 9. Ne5 Nbd7 10. f4 Bg6 11. g4 dxc4 12. Nxc4 Bb4 13. Qb3 Bxc3 14. bxc3 Be4 15. Nd2 Bxg2 16. Kxg2 Qc7 17. e4 c5 18. d5 exd5 19. e5 Ne4 20. Nxe4 dxe4 21. Qd5 Nb6 22. Qxe4 Rad8 23. Rf2 Rfe8 24. Bd2 Qd7 25. Re1 Qd5 26. Qxd5 Rxd5 27. Re4 f6 28. Be3 fxe5 29. c4 Rdd8 30. fxe5 Nd7 31. e6 Nf6 32. Re5 Rd6 33. Bxc5 Rdxe6 34. Rxe6 Rxe6 35. Bxa7 Rc6 36. Rc2 b6 37. Bb8 Nd5 38. Rd2 Ne3+ 39. Kf3 Nxc4 40. Rd8+ Kf7 41. Rd7+ Kf6 42. Ke4 Rc8 43. Rb7 Rd8 44. h4 Rd2 45. Rc7 Na5 46. a3 Ra2 47. Rc3 Ke6 48. Bf4 b5 49. Rc5 Rxa3 50. Re5+ Kf7 51. Rxb5 Ra4+ 1/2-1/2

[Event "Barcelona Sants op 24th"]
[Site "Barcelona"]
[Date "2023.08.22"]
[Round "5"]
[White "Vrolijk, Liam"]
[Black "Garriga Cazorla, Pere"]
[Result "1/2-1/2"]
[WhiteElo "2558"]
[BlackElo "2448"]
[PlyCount "65"]
[EventDate "2023.08.18"]
[EventType "swiss"]
[EventRounds "10"]
[EventCountry "ESP"]
[SourceTitle "CBM 215 Extra"]
[Source "ChessBase"]
[SourceDate "2023.09.30"]
[SourceVersion "1"]
[SourceVersionDate "2023.09.30"]
[SourceQuality "1"]

1. d4 Nf6 2. c4 e6 3. Nf3 d5 4. Nc3 dxc4 5. e4 b5 6. e5 Nd5 7. Nxb5 Nb6 8. Be2 Nc6 9. Be3 Bb7 10. a3 Qd7 11. Nc3 Ne7 12. Qc2 Nf5 13. Rd1 Be7 14. 0-0 Rd8 15. Nb1 0-0 16. Nbd2 c5 17. Nxc4 Nxc4 18. Qxc4 cxd4 19. Nxd4 Nxe3 20. fxe3 Bd5 21. Qc3 Rc8 22. Qe1 Qb7 23. Rf2 Qb8 24. Bf3 Qxe5 25. Bxd5 Qxd5 26. Nf5 Qb7 27. Nxe7+ Qxe7 28. Rfd2 Rc7 29. Rd6 Rfc8 30. Qd2 h6 31. Rd8+ Rxd8 32. Qxd8+ Qxd8 33. Rxd8+ 1/2-1/2

[Event "Barcelona Sants op 24th"]
[Site "Barcelona"]
[Date "2023.08.19"]
[Round "2"]
[White "Palacios Herrero, Pablo"]
[Black "Vrolijk, Liam"]
[Result "0-1"]
[WhiteElo "2197"]
[BlackElo "2558"]
[PlyCount "62"]
[EventDate "2023.08.18"]
[EventType "swiss"]
[EventRounds "10"]
[EventCountry "ESP"]
[SourceTitle "CBM 215 Extra"]
[Source "ChessBase"]
[SourceDate "2023.09.30"]
[SourceVersion "1"]
[SourceVersionDate "2023.09.30"]
[SourceQuality "1"]

1. e4 c5 2. Nf3 d6 3. d4 cxd4 4. Nxd4 Nf6 5. Nc3 Nc6 6. Bg5 e6 7. Qd3 Bd7 8. 0-0-0 a6 9. Qg3 Qa5 10. Nb3 Qc7 11. Kb1 b5 12. Bxf6 gxf6 13. Bxb5 axb5 14. Nxb5 Qb8 15. Nxd6+ Bxd6 16. Rxd6 Qa7 17. a3 Ne5 18. Rhd1 Ba4 19. f4 Nc4 20. R6d4 Qc7 21. Qh4 Rc8 22. Qxf6 Rg8 23. f5 Nxb2 24. R1d2 Nc4 25. Rf2 Nxa3+ 26. Ka2 Nc4 27. fxe6 Bxb3+ 28. Kb1 Na3+ 29. Kc1 Qxc2+ 30. Rxc2 Rxc2+ 31. Kd1 Rf2+ 0-1

[Event "Vlissingen op 25th"]
[Site "Vlissingen"]
[Date "2023.08.12"]
[Round "9"]
[White "Vrolijk, Liam"]
[Black "Ter Sahakyan, Samvel"]
[Result "1/2-1/2"]
[WhiteElo "2558"]
[BlackElo "2609"]
[PlyCount "55"]
[EventDate "2023.08.05"]
[EventType "swiss"]
[EventRounds "9"]
[EventCountry "NED"]
[SourceTitle "CBM 215 Extra"]
[Source "ChessBase"]
[SourceDate "2023.09.30"]
[SourceVersion "1"]
[SourceVersionDate "2023.09.30"]
[SourceQuality "1"]

1. c4 e5 2. g3 c6 3. d4 e4 4. d5 Bb4+ 5. Bd2 Qe7 6. Nc3 Nf6 7. Nh3 cxd5 8. Nf4 Bxc3 9. Bxc3 dxc4 10. Bg2 Nc6 11. Nd5 Nxd5 12. Qxd5 0-0 13. Bxe4 Re8 14. f3 Nb4 15. Qd2 a5 16. a3 d5 17. Bxh7+ Kxh7 18. axb4 Bh3 19. Kf2 Rad8 20. e3 axb4 21. Bxb4 Qf6 22. Bc3 Qf5 23. Qd4 Qc2+ 24. Qd2 Qxd2+ 25. Bxd2 d4 26. exd4 Rxd4 27. Bc3 Rd3 28. Rhe1 1/2-1/2

[Event "Vlissingen op 25th"]
[Site "Vlissingen"]
[Date "2023.08.05"]
[Round "1"]
[White "De Cuyper, Yago"]
[Black "Vrolijk, Liam"]
[Result "0-1"]
[WhiteElo "1842"]
[BlackElo "2558"]
[PlyCount "52"]
[EventDate "2023.08.05"]
[EventType "swiss"]
[EventRounds "9"]
[EventCountry "NED"]
[SourceTitle "CBM 215 Extra"]
[Source "ChessBase"]
[SourceDate "2023.09.30"]
[SourceVersion "1"]
[SourceVersionDate "2023.09.30"]
[SourceQuality "1"]

1. e4 c5 2. Nf3 d6 3. d4 cxd4 4. Nxd4 Nf6 5. Nc3 a6 6. Bg5 Nbd7 7. Qe2 e6 8. 0-0-0 Qc7 9. f4 Be7 10. g4 h6 11. Bxf6 Bxf6 12. Bg2 g5 13. Ndb5 axb5 14. Nxb5 Qc5 15. Nxd6+ Ke7 16. e5 Bg7 17. Bxb7 Bxb7 18. Nxb7 Qb4 19. Nd6 Rxa2 20. c3 Ra1+ 21. Kc2 Qa4+ 22. Kd2 Qxf4+ 23. Kc2 Qa4+ 24. Kd2 Rxd1+ 25. Rxd1 Nxe5 26. Kc1 Rd8 0-1

[Event "Monteolivete op 3rd"]
[Site "Alboraia"]
[Date "2023.07.23"]
[Round "9"]
[White "Vrolijk, Liam"]
[Black "Janik, Igor"]
[Result "1-0"]
[WhiteElo "2517"]
[BlackElo "2548"]
[PlyCount "143"]
[EventDate "2023.07.17"]
[EventType "swiss"]
[EventRounds "9"]
[EventCountry "ESP"]
[SourceTitle "CBM 215 Extra"]
[Source "ChessBase"]
[SourceDate "2023.09.30"]
[SourceVersion "1"]
[SourceVersionDate "2023.09.30"]
[SourceQuality "1"]

1. Nf3 Nf6 2. c4 e6 3. Nc3 Bb4 4. g4 h6 5. Rg1 Nc6 6. h4 h5 7. gxh5 Nxh5 8. d4 d5 9. Bg5 Qd7 10. Qc2 Bxc3+ 11. Qxc3 f6 12. Bd2 Ne7 13. Rc1 c6 14. Bh3 b6 15. Bg4 Nf5 16. c5 Bb7 17. Qb3 b5 18. Ba5 g6 19. Rd1 Kf7 20. Qc2 Nhg7 21. Kd2 Qe7 22. Bh3 Rag8 23. Kc1 Nh5 24. Qd2 Bc8 25. Bg4 Qb7 26. e3 Nhg7 27. Rh1 Rh7 28. Rh3 Rgh8 29. Rdh1 Bd7 30. a3 Be8 31. Bd8 Nh5 32. Ne1 Bd7 33. Qa5 Nhg7 34. Nd3 Qc8 35. Bc7 Nh6 36. Bd1 e5 37. Qxa7 Bxh3 38. Rxh3 Ne8 39. Bxe5+ Kg8 40. Qb8 Qxb8 41. Bxb8 Nf5 42. Nb4 Ne7 43. a4 Kf7 44. axb5 cxb5 45. Bb3 Rh5 46. Nxd5 Nxd5 47. e4 Rxh4 48. Bxd5+ Kf8 49. Ra3 Rh1+ 50. Kd2 Rf1 51. Bg3 f5 52. exf5 gxf5 53. Ra7 f4 54. Rf7+ Kg8 55. Rxf4+ Kg7 56. Rg4+ Kf8 57. Rg6 Rh5 58. Bf3 Rf5 59. Be2 Ra1 60. Bxb5 Kf7 61. Rb6 Nf6 62. Bd3 Rh5 63. Be5 Rh6 64. Bc4+ Kg7 65. Rb7+ Kg6 66. Bd3+ Kh5 67. Rg7 Nd5 68. Be4 Nb4 69. Bf4 Rh8 70. Rg3 Rf8 71. Bf3+ Kh4 72. Bg5# 1-0

[Event "Monteolivete op 3rd"]
[Site "Alboraia"]
[Date "2023.07.21"]
[Round "7"]
[White "Cuenca Jimenez, Jose Fernando"]
[Black "Vrolijk, Liam"]
[Result "0-1"]
[WhiteElo "2544"]
[BlackElo "2517"]
[PlyCount "74"]
[EventDate "2023.07.17"]
[EventType "swiss"]
[EventRounds "9"]
[EventCountry "ESP"]
[SourceTitle "CBM 215 Extra"]
[Source "ChessBase"]
[SourceDate "2023.09.30"]
[SourceVersion "1"]
[SourceVersionDate "2023.09.30"]
[SourceQuality "1"]

1. d4 Nf6 2. c4 e6 3. Nf3 d5 4. g3 Bb4+ 5. Bd2 a5 6. Bg2 0-0 7. Qc2 c5 8. cxd5 cxd4 9. Nxd4 Qb6 10. e3 exd5 11. 0-0 Nc6 12. Nxc6 bxc6 13. Rc1 Be6 14. Qxc6 Bxd2 15. Qxb6 Bxc1 16. Qd4 Rfb8 17. b3 Rb4 18. Qd3 Bb2 19. a3 Bxa1 20. axb4 axb4 21. g4 h6 22. h3 Ra2 23. f4 d4 24. e4 Bc3 25. e5 Nd5 26. Bxd5 Bxd5 27. f5 Rg2+ 28. Kf1 Rb2 29. h4 Bxb3 30. Qb5 Rxb1+ 31. Kg2 d3 32. e6 d2 33. Qe8+ Kh7 34. exf7 Rg1+ 35. Kh3 Bxf7 36. Qxf7 Rxg4 37. Qd5 Rg1 0-1